| 000 | 00783nam a22002777a 4500 | ||
|---|---|---|---|
| 005 | 20260324095930.0 | ||
| 008 | 230621b ||||| |||| 00| 0 eng d | ||
| 020 | _a978-1-260-57571-2 | ||
| 040 | _cNMSCST | ||
| 082 |
_a658.5 _bS847 2021 |
||
| 100 | _aStevenson, William J. | ||
| 245 |
_aOperations management / _cWilliam J. Stevenson. |
||
| 250 | _aFourteenth edition. | ||
| 260 |
_aNew York, NY : _bMcGraw-Hill Education, _cc2021 |
||
| 264 | 1 | _31 | |
| 300 |
_axxviii, 899 pages. : _bcolor, illustrations. |
||
| 337 | _21 | ||
| 338 | _21 | ||
| 500 | _aIncludes bibliographical references and index. | ||
| 526 | _a000-099 | ||
| 650 | _aProduction management. | ||
| 650 | _aIndustrial management. | ||
| 650 | _aSystem analysis. | ||
| 655 | _21 | ||
| 942 |
_2ddc _cCIR _03 |
||
| 999 |
_c2 _d2 |
||